| 000 | 03524cam a2200577Ia 4500 | ||
|---|---|---|---|
| 001 | 83608 | ||
| 005 | 20230410132756.0 | ||
| 008 | 070827s2007 enkab b 001 0 eng | ||
| 010 | _a 2007282639 | ||
| 035 | _a(OCoLC)ocn166626221 | ||
| 040 |
_aUKM _cUKM _dBAKER _dYDXCP _dBTCTA _dTJC _dWAU _dDLC _dOUP _dCOD _dRLA _dVP@ _dAGL _dMTG _dNOR |
||
| 015 |
_aGBA768781 _2bnb |
||
| 016 | 7 |
_a013829008 _2Uk |
|
| 019 | _a145553990 | ||
| 020 | _a9780521880114 (hbk.) | ||
| 020 | _a0521880114 (hbk.) | ||
| 020 | _a9780521705981 (pbk.) | ||
| 020 | _a0521705983 (pbk.) | ||
| 029 | 1 |
_aNLGGC _b306202123 |
|
| 029 | 1 |
_aNZ1 _b11619908 |
|
| 029 | 1 |
_aAU@ _b000042224149 |
|
| 035 |
_a(OCoLC)166626221 _z(OCoLC)145553990 |
||
| 050 | 1 | 4 |
_aQC 981.8 _bC639m 2007 |
| 082 | 0 | 0 | _a363.738742 |
| 049 | _aGRAL | ||
| 245 | 0 | 0 |
_aClimate change 2007 : _bmitigation of climate change : contribution of Working Group III to the Fourth Assessment Report of the Intergovernmental Panel on Climate Change / _cedited by Bert Metz ... [et al.]. |
| 260 |
_aCambridge ; _aNew York : _bCambridge University Press, _c2007. |
||
| 263 | _a200712 | ||
| 300 |
_ax, 851 p. : _bcol. ills., col. maps ; _c29 cm. |
||
| 500 | _a"Published for the Intergovernmental Panel on Climate Change." | ||
| 504 | _aIncludes bibliographical references and index. | ||
| 505 | 0 | 0 |
_tForeword -- _tPreface -- _tSummary for policymakers -- _tTechnical summary -- _g1. _tIntroduction -- _g2. _tFraming issues -- _g3. _tIssues related to mitigation in the long term context -- _g4. _tEnergy supply -- _g5. _tTransport and its infrastructure -- _g6. _tResidential and commercial buildings -- _g7. _tIndustry -- _g8. _tAgriculture -- _g9. _tForestry -- _g10. _tWaste management -- _g11. _tMitigation from a cross sectoral perspective -- _g12. _tSustainable development and mitigation -- _g13. _tPolicies, instruments and co-operative agreement -- _tAnnex 1 : Glossary -- _tAnnex 2 : Acronyms, abbreviations and chemical compounds -- _tAnnex 3 : List of contributors -- _tAnnex 4 : List of reviewers -- _tIndex. |
| 520 | _aThe third volume of the Fourth Assessment Report of the Intergovernmental Panel on Climate Change (IPCC) provides an in-depth analysis of the costs and benefits of different approaches to mitigating and avoiding climate change. It includes a detailed assessment of costs and potentials of mitigation technologies and practices, implementation barrier, and policy options for the sectors: energy supply, transport, building, industry, agriculture, forestry and waste management.--Publisher's description. | ||
| 530 | _aAlso issued electronically via the World Wide Web. | ||
| 650 | 0 |
_aClimatic changes _xGovernment policy. |
|
| 650 | 0 |
_aClimatic changes _xInternational cooperation. |
|
| 650 | 0 | _aGreenhouse gas mitigation. | |
| 700 | 1 | _aMetz, Bert. | |
| 710 | 2 | _aIntergovernmental Panel on Climate Change. | |
| 710 | 2 |
_aIntergovernmental Panel on Climate Change. _bWorking Group III. |
|
| 856 | 4 | 1 | _uhttp://www.ipcc.ch/ipccreports/ar4-wg3.htm |
| 856 | 4 | 2 |
_3Publisher description _uhttp://www.loc.gov/catdir/enhancements/fy0806/2007282639-d.html |
| 856 | 4 | 1 |
_3Table of contents only _uhttp://www.loc.gov/catdir/enhancements/fy0806/2007282639-t.html |
| 938 |
_aBaker & Taylor _bBKTY _c85.00 _d85.00 _i0521705983 _n0007217009 _sactive |
||
| 938 |
_aBaker & Taylor _bBKTY _c165.00 _d165.00 _i0521880114 _n0007216807 _sactive |
||
| 938 |
_aBaker and Taylor _bBTCP _nBK0007216807 |
||
| 938 |
_aYBP Library Services _bYANK _n2559980 |
||
| 942 |
_2lcc _cbk |
||
| 946 | _aaa | ||
| 994 |
_aC0 _bDRFGD |
||
| 999 |
_c87552 _d87552 |
||